| 000 | 01154nam a2200229Ii 4500 | ||
|---|---|---|---|
| 003 | JO-AjNU | ||
| 005 | 20231210124248.0 | ||
| 008 | 230605s9999||||xx |||||||||||||| ||und|| | ||
| 040 |
_aJO-AjNU _bara _erda _cJO-AjNU |
||
| 041 | _aara | ||
| 100 |
_aغلامي، حكيمة _964809 _eمعد |
||
| 245 |
_aأثر تطبيق متطلبات كفاية رأس المال حسب اتفاقية بازل على أداء البنوك : "دراسة حالة البنوك التجارية الأردنية" = Impact of Applaying Basel Capital Adequacy Requirement on Bank Performance : "Case Study of Jordanian Commercial Banks" / _cاعداد حكيمة غلامي؛ اشراف علي المقابلة |
||
| 260 |
_aاربد : _bجامعة اليرموك، _c2010 |
||
| 300 | _a106 ورقه | ||
| 336 |
_atext _btxt _2rdacontent |
||
| 337 |
_aunmediated _bn _2rdamedia |
||
| 338 |
_avolume _bnc _2rdacarrier |
||
| 500 | _aرساله جامعية (ماجستير) - جامعة اليرموك، 2010 تحتوي على جداول | ||
| 650 | _vالبنوك التجارية-الأردن | ||
| 700 |
_aعلي المقابلة _964810 _eمشرف |
||
| 942 |
_2lcc _cTHS |
||
| 999 |
_c33065 _d33065 |
||